[Event "Titled Tuesday intern op 16th Apr Early"]
[Site "Chess.com INT"]
[Date "2024.04.16"]
[Round "10"]
[White "Rustemov, Alexander"]
[Black "Crevatin, Leo"]
[Result "1-0"]
[WhiteElo "2525"]
[BlackElo "2260"]
[PlyCount "69"]
[EventDate "2024.04.16"]
[EventType "swiss (blitz)"]
[EventRounds "11"]
[EventCountry "USA"]
[SourceTitle "CB17_2024"]
[SourceDate "2024.04.24"]
[SourceVersion "1"]
[SourceVersionDate "2024.04.24"]
[SourceQuality "1"]

1. d4 Nf6 2. c4 e6 3. Nf3 d5 4. Nc3 Bb4 5. Bg5 h6 6. Bxf6 Qxf6 7. e3 0-0 8. Qb3 c5 9. cxd5 exd5 10. dxc5 Nc6 11. 0-0-0 Be6 12. Nxd5 Bxd5 13. Rxd5 Qe7 14. Qc2 Rac8 15. Kb1 Nb8 16. Bc4 Bxc5 17. Qd3 Nc6 18. Rd7 Qf6 19. Rd1 a6 20. Bb3 Na5 21. Bd5 b5 22. Nd2 Bb4 23. Ne4 Qf5 24. f3 Qxd7 25. Nf6+ gxf6 26. Qg6+ Kh8 27. Qxh6+ Kg8 28. Qg6+ Kh8 29. Qxf6+ Kg8 30. Rd4 Be7 31. Qg6+ Kh8 32. Qh6+ Kg8 33. Be4 Rc1+ 34. Kxc1 Qc7+ 35. Kb1 1-0

[Event "Titled Tuesday intern op 19th Sep Early"]
[Site "Chess.com INT"]
[Date "2023.09.19"]
[Round "2"]
[White "Crevatin, Leo"]
[Black "Cardozo Munar, Carlos Eduardo"]
[Result "0-1"]
[WhiteElo "2292"]
[BlackElo "2043"]
[PlyCount "70"]
[EventDate "2023.09.19"]
[EventType "swiss (blitz)"]
[EventRounds "11"]
[EventCountry "USA"]
[SourceTitle "EXT 2024"]
[Source "ChessBase"]
[SourceDate "2023.10.10"]
[SourceVersion "1"]
[SourceVersionDate "2023.10.10"]
[SourceQuality "1"]

1. d4 d5 2. c4 e5 3. dxe5 d4 4. Nf3 Nc6 5. g3 Nge7 6. Bg2 Ng6 7. 0-0 Ngxe5 8. Nbd2 Be7 9. a3 a5 10. b3 d3 11. Nxe5 Nxe5 12. Bb2 Bf6 13. exd3 Bg4 14. Qe1 Qe7 15. d4 Nd3 16. Qxe7+ Bxe7 17. Bc3 0-0-0 18. Bf3 Bf5 19. Rfd1 Bf6 20. Be4 Bxe4 21. Nxe4 Bxd4 22. Rxd3 Bxc3 23. Rxd8+ Rxd8 24. Nxc3 Rd3 25. Rc1 c6 26. Kf1 Rd2 27. b4 Rb2 28. bxa5 Rb3 29. a4 Rb4 30. Ne4 Kc7 31. Ng5 f6 32. Nxh7 Rxa4 33. Nf8 Kd6 34. Rd1+ Ke7 35. Ng6+ Ke8 0-1

[Event "Titled Tuesday intern op 19th Sep Early"]
[Site "Chess.com INT"]
[Date "2023.09.19"]
[Round "9"]
[White "Krzywda, Andrzej"]
[Black "Crevatin, Leo"]
[Result "1/2-1/2"]
[WhiteElo "2210"]
[BlackElo "2292"]
[PlyCount "53"]
[EventDate "2023.09.19"]
[EventType "swiss (blitz)"]
[EventRounds "11"]
[EventCountry "USA"]
[SourceTitle "EXT 2024"]
[Source "ChessBase"]
[SourceDate "2023.10.10"]
[SourceVersion "1"]
[SourceVersionDate "2023.10.10"]
[SourceQuality "1"]

1. e4 c5 2. Nf3 e6 3. d4 cxd4 4. Nxd4 Nf6 5. Bd3 Nc6 6. Nxc6 bxc6 7. Bf4 d5 8. Nd2 a5 9. 0-0 Ba6 10. c4 Bb4 11. exd5 cxd5 12. b3 Bxd2 13. Qxd2 dxc4 14. bxc4 0-0 15. Rfd1 Rc8 16. Rac1 Qb6 17. Be5 Ng4 18. Bd4 Qc7 19. h3 Qh2+ 20. Kf1 Nf6 21. Bxf6 gxf6 22. Qh6 f5 23. Qg5+ Kh8 24. Qf6+ Kg8 25. Qg5+ Kh8 26. Qf6+ Kg8 27. Qg5+ 1/2-1/2

[Event "Titled Tuesday intern op 05th Sep Late"]
[Site "Chess.com INT"]
[Date "2023.09.05"]
[Round "4"]
[White "Crevatin, Leo"]
[Black "Bogaudinov, Rushan"]
[Result "1-0"]
[WhiteElo "2292"]
[BlackElo "1853"]
[PlyCount "109"]
[EventDate "2023.09.05"]
[EventType "swiss (blitz)"]
[EventRounds "11"]
[EventCountry "USA"]
[SourceTitle "EXT 2024"]
[Source "ChessBase"]
[SourceDate "2023.10.10"]
[SourceVersion "1"]
[SourceVersionDate "2023.10.10"]
[SourceQuality "1"]

1. e4 c5 2. Nf3 e6 3. c3 d5 4. exd5 exd5 5. Bb5+ Nc6 6. d4 Be6 7. 0-0 Nf6 8. Be3 Qb6 9. Qe2 c4 10. Ba4 Be7 11. b4 cxb3 12. axb3 0-0 13. Nbd2 Qc7 14. h3 a6 15. b4 Rac8 16. Rfc1 h6 17. Bc2 Na7 18. Nb3 Nb5 19. Nc5 Nxc3 20. Qe1 Nb5 21. Bd3 Bxc5 22. Bxb5 axb5 23. dxc5 Ne4 24. Nd4 Qd7 25. Qe2 f5 26. Bf4 Bf7 27. Qxb5 Qe7 28. Ra7 Qf6 29. Qd3 g5 30. Bd2 b6 31. c6 f4 32. f3 Nd6 33. Bc3 Bg6 34. Qa6 Rf7 35. Rxf7 Qxf7 36. Qxb6 Nc4 37. Qc5 h5 38. b5 g4 39. b6 gxf3 40. b7 Rf8 41. c7 fxg2 42. c8Q f3 43. Q8xf8+ Qxf8 44. Qxf8+ Kxf8 45. b8Q+ Kg7 46. Ne6+ Kf7 47. Ng5+ Ke7 48. Bb4+ Kf6 49. Rxc4 dxc4 50. Nxf3 Be4 51. Qe5+ Kg6 52. Qxe4+ Kg7 53. Bc3+ Kf7 54. Ng5+ Kf8 55. Qf5+ 1-0

[Event "Titled Tuesday intern op 05th Sep Late"]
[Site "Chess.com INT"]
[Date "2023.09.05"]
[Round "7"]
[White "Crevatin, Leo"]
[Black "Rasulov, Vugar Ural Oglu"]
[Result "1/2-1/2"]
[WhiteElo "2292"]
[BlackElo "2538"]
[PlyCount "235"]
[EventDate "2023.09.05"]
[EventType "swiss (blitz)"]
[EventRounds "11"]
[EventCountry "USA"]
[SourceTitle "EXT 2024"]
[Source "ChessBase"]
[SourceDate "2023.10.10"]
[SourceVersion "1"]
[SourceVersionDate "2023.10.10"]
[SourceQuality "1"]

1. d4 Nf6 2. c4 g6 3. Nc3 d5 4. cxd5 Nxd5 5. e4 Nxc3 6. bxc3 Bg7 7. Bc4 c5 8. Ne2 Nc6 9. Be3 cxd4 10. cxd4 b5 11. Bd5 Bb7 12. 0-0 e6 13. Bb3 Na5 14. Bc2 0-0 15. Rb1 a6 16. a4 Qd7 17. axb5 axb5 18. Nc3 Ba6 19. Bd3 Nc4 20. Bxc4 bxc4 21. Qd2 Rfd8 22. d5 Bb7 23. Rfd1 exd5 24. exd5 Bc8 25. Bd4 Qg4 26. Bxg7 Kxg7 27. h3 Qh4 28. Qe3 Bf5 29. Rb7 Re8 30. Qc5 Qf6 31. Nb5 Ra1 32. Rxa1 Qxa1+ 33. Kh2 Re1 34. Nd6 Rh1+ 35. Kg3 Qe5+ 36. Kf3 Be4+ 37. Nxe4 Qf5+ 38. Kg3 Qxe4 39. Re7 Qd3+ 40. Re3 Qf5 41. Qd4+ Qf6 42. Qxf6+ Kxf6 43. Rc3 Rd1 44. Rxc4 Rxd5 45. Rf4+ Kg7 46. Rc4 h6 47. h4 Rd3+ 48. f3 Rd5 49. Re4 Rd7 50. Rb4 Kf6 51. Rb6+ Ke5 52. Rb5+ Rd5 53. Rb7 Ke6 54. Rb6+ Rd6 55. Rb7 Kf6 56. Rc7 Re6 57. Rb7 g5 58. hxg5+ hxg5 59. Ra7 Kg6 60. Rb7 f5 61. Ra7 Re2 62. Ra8 f4+ 63. Kh3 Rb2 64. Ra6+ Kh5 65. Ra8 Kg6 66. Ra6+ Kh5 67. Ra8 Rc2 68. Rb8 Rd2 69. Ra8 Rf2 70. Rb8 Re2 71. Ra8 Rb2 72. Rc8 Rb6 73. Ra8 Rh6 74. Kh2 Kg6+ 75. Kg1 Kf5 76. Ra5+ Kg6 77. Ra6+ Kh5 78. Ra5 Kh4 79. Kh2 Kh5 80. Rb5 Re6 81. Ra5 Re2 82. Rb5 Kh4 83. Rb8 Kh5 84. Rb6 Rd2 85. Ra6 Re2 86. Rb6 g4 87. fxg4+ Kxg4 88. Rg6+ Kf5 89. Rg8 Re7 90. Rf8+ Ke4 91. Kg1 Ke3 92. Rf6 Re4 93. Ra6 Rd4 94. Ra3+ Ke2 95. Ra2+ Ke3 96. Ra3+ Ke4 97. Ra2 Kf5 98. Kf2 Kg4 99. Rb2 Rc4 100. Ra2 Rb4 101. Re2 Rb1 102. Rd2 Rh1 103. Re2 Rh2 104. Rd2 Rh6 105. Re2 Rd6 106. Rc2 Rd3 107. Re2 Rc3 108. Rd2 Rb3 109. Re2 Ra3 110. Rd2 Re3 111. Rc2 Rd3 112. Re2 Kf5 113. Rc2 Ke4 114. Rc4+ Rd4 115. Rxd4+ Kxd4 116. Kf3 Ke5 117. g3 fxg3 118. Kxg3 1/2-1/2

[Event "Titled Tuesday intern op 05th Sep Late"]
[Site "Chess.com INT"]
[Date "2023.09.05"]
[Round "11"]
[White "Ibadov, Dashgyn"]
[Black "Crevatin, Leo"]
[Result "1/2-1/2"]
[WhiteElo "2360"]
[BlackElo "2292"]
[PlyCount "85"]
[EventDate "2023.09.05"]
[EventType "swiss (blitz)"]
[EventRounds "11"]
[EventCountry "USA"]
[SourceTitle "EXT 2024"]
[Source "ChessBase"]
[SourceDate "2023.10.10"]
[SourceVersion "1"]
[SourceVersionDate "2023.10.10"]
[SourceQuality "1"]

1. e4 c5 2. Nf3 e6 3. g3 Nc6 4. Bg2 Nf6 5. Nc3 d5 6. exd5 exd5 7. d4 Bg4 8. 0-0 Nxd4 9. Qe1+ Be7 10. Nxd4 cxd4 11. Ne2 Qb6 12. Qd2 Ne4 13. Qd3 Nc5 14. Qxd4 Bxe2 15. Re1 Bc4 16. Qxg7 Rf8 17. b3 Ne6 18. Rxe6 Qxe6 19. bxc4 Bf6 20. Qxh7 Qe1+ 21. Bf1 Bxa1 22. Bg5 Qe5 23. Bf4 Qe6 24. cxd5 Qxd5 25. c4 Qe6 26. Qh4 Bf6 27. Qh5 0-0-0 28. Qc5+ Qc6 29. Qxa7 Kd7 30. Bh3+ Ke8 31. Qe3+ Be7 32. Bg5 f6 33. Bf4 Rd1+ 34. Bf1 Rxf1+ 35. Kxf1 Qxc4+ 36. Kg1 Kf7 37. Qf3 Rd8 38. Qh5+ Kg8 39. Qg6+ Kh8 40. Qh6+ Kg8 41. Qg6+ Kh8 42. Qh6+ Kg8 43. Qg6+ 1/2-1/2

[Event "Titled Tuesday intern op 29th Aug Late"]
[Site "Chess.com INT"]
[Date "2023.08.29"]
[Round "9"]
[White "Crevatin, Leo"]
[Black "Silva Lucena, Cristian"]
[Result "1-0"]
[WhiteElo "2292"]
[BlackElo "2292"]
[PlyCount "139"]
[EventDate "2023.08.29"]
[EventType "swiss (blitz)"]
[EventRounds "11"]
[EventCountry "USA"]
[SourceTitle "EXT 2024"]
[Source "ChessBase"]
[SourceDate "2023.10.10"]
[SourceVersion "1"]
[SourceVersionDate "2023.10.10"]
[SourceQuality "1"]

1. d4 Nf6 2. Bf4 g6 3. e3 Bg7 4. Nf3 0-0 5. Be2 d6 6. h3 c5 7. c3 Be6 8. 0-0 Qb6 9. Qc2 Nc6 10. Nbd2 Rfc8 11. Qb1 cxd4 12. exd4 Nh5 13. Be3 Qc7 14. Ng5 Bf5 15. Qd1 Nf6 16. Qb3 d5 17. Rfe1 h6 18. Ngf3 Na5 19. Qa4 a6 20. Ne5 b5 21. Qd1 Nc4 22. Ndxc4 bxc4 23. Qc1 h5 24. g4 hxg4 25. hxg4 Be6 26. Bh6 Nd7 27. Bxg7 Kxg7 28. f4 Nxe5 29. fxe5 Rh8 30. Kg2 Qd7 31. Qf4 Rab8 32. Rh1 Qa4 33. Rxh8 Rxh8 34. Bd1 Qb5 35. Rb1 Rh7 36. Qg5 Qe8 37. b4 f6 38. exf6+ exf6 39. Qf4 Bf7 40. Bf3 Qa4 41. Qd2 Qd7 42. Qf4 g5 43. Qg3 Rh4 44. Rh1 Rxh1 45. Kxh1 Qa4 46. Qc7 Kg6 47. Qc8 Qxa2 48. Qf5+ Kg7 49. Bxd5 Qa1+ 50. Kh2 Qb2+ 51. Kh1 Qc1+ 52. Kh2 Qd2+ 53. Kh1 Qe1+ 54. Kh2 Bg6 55. Qd7+ Kh6 56. Qd6 Qf2+ 57. Kh1 Qf1+ 58. Kh2 Qf2+ 59. Kh1 Qh4+ 60. Kg1 Qxg4+ 61. Kf2 Qh4+ 62. Kg2 Qg4+ 63. Kf2 Qd1 64. Qxf6 Qd2+ 65. Kg1 Qe3+ 66. Kg2 Qxc3 67. Qf8+ Kh5 68. Qh8+ Kg4 69. Be6+ Kf4 70. Qe5# 1-0

[Event "Titled Tuesday intern op 28th Mar Early"]
[Site "Chess.com INT"]
[Date "2023.03.28"]
[Round "8"]
[White "Crevatin, Leo"]
[Black "Wagner, Dennis"]
[Result "0-1"]
[WhiteElo "2308"]
[BlackElo "2586"]
[PlyCount "38"]
[EventDate "2023.03.28"]
[EventType "swiss (blitz)"]
[EventRounds "11"]
[EventCountry "USA"]
[SourceTitle "EXT 2024"]
[Source "ChessBase"]
[SourceDate "2023.10.10"]
[SourceVersion "1"]
[SourceVersionDate "2023.10.10"]
[SourceQuality "1"]

1. d4 Nf6 2. c4 e6 3. Nc3 Bb4 4. e3 0-0 5. a3 Bxc3+ 6. bxc3 c5 7. Bd3 Nc6 8. Nf3 b6 9. 0-0 d6 10. e4 e5 11. d5 Ne7 12. Re1 h6 13. Bf1 Ng6 14. g3 Nh7 15. a4 f5 16. exf5 Bxf5 17. Bd3 Qf6 18. Bxf5 Qxf5 19. Be3 Qxf3 0-1

[Event "Titled Tuesday intern op 28th Mar Early"]
[Site "Chess.com INT"]
[Date "2023.03.28"]
[Round "9"]
[White "Skaric, Djuro"]
[Black "Crevatin, Leo"]
[Result "1-0"]
[WhiteElo "2334"]
[BlackElo "2308"]
[PlyCount "73"]
[EventDate "2023.03.28"]
[EventType "swiss (blitz)"]
[EventRounds "11"]
[EventCountry "USA"]
[SourceTitle "EXT 2024"]
[Source "ChessBase"]
[SourceDate "2023.10.10"]
[SourceVersion "1"]
[SourceVersionDate "2023.10.10"]
[SourceQuality "1"]

1. g3 d5 2. Bg2 e5 3. d3 Nf6 4. Nf3 Bd6 5. 0-0 0-0 6. Nc3 c6 7. e4 dxe4 8. dxe4 Bc7 9. h3 Qxd1 10. Rxd1 Nbd7 11. Be3 Re8 12. Rd2 Nf8 13. Nh4 Be6 14. Rad1 b6 15. Nf5 g6 16. Nd6 Red8 17. f4 exf4 18. gxf4 Ne8 19. Nxe8 Rxe8 20. e5 Red8 21. Bxc6 Rxd2 22. Rxd2 Rc8 23. Bg2 Bd8 24. Nd5 Nd7 25. b3 Kg7 26. c4 Nc5 27. Kh2 Bf5 28. Kg3 Ne4+ 29. Bxe4 Bxe4 30. Nc3 Bc6 31. Nb5 a6 32. Nd6 Rb8 33. f5 gxf5 34. Nxf5+ Kg6 35. Rd6+ Kxf5 36. Rxc6 Kxe5 37. Bf4+ 1-0

[Event "Titled Tuesday intern op 21st Mar Early"]
[Site "Chess.com INT"]
[Date "2023.03.21"]
[Round "11"]
[White "Crevatin, Leo"]
[Black "Preotu, Razvan"]
[Result "0-1"]
[WhiteElo "2308"]
[BlackElo "2483"]
[PlyCount "74"]
[EventDate "2023.03.21"]
[EventType "swiss (blitz)"]
[EventRounds "11"]
[EventCountry "USA"]
[SourceTitle "EXT 2024"]
[Source "ChessBase"]
[SourceDate "2023.10.10"]
[SourceVersion "1"]
[SourceVersionDate "2023.10.10"]
[SourceQuality "1"]

1. e4 c5 2. Nf3 d6 3. d4 cxd4 4. Nxd4 Nf6 5. Nc3 a6 6. Bc4 e6 7. Be3 b5 8. Bb3 Bb7 9. f3 Be7 10. Bxe6 fxe6 11. Nxe6 Qc8 12. Nxg7+ Kf7 13. Nf5 b4 14. Na4 Nbd7 15. Nxd6+ Bxd6 16. Qxd6 Qxc2 17. Qxb4 Qxg2 18. 0-0-0 Rhc8+ 19. Kb1 Qc2+ 20. Ka1 Rab8 21. Qa3 Ne5 22. b3 Nxf3 23. Rhf1 Bxe4 24. Bd4 Rd8 25. Rc1 Nxd4 26. Nc5 Qb1+ 27. Rxb1 Nc2+ 28. Kb2 Nxa3 29. Nxe4 Nxb1 30. Rxf6+ Kg7 31. Kxb1 Re8 32. Rf4 Rb4 33. Rg4+ Kh8 34. Nf6 Re1+ 35. Kb2 Rxg4 36. Nxg4 Kg7 37. a4 h5 0-1

[Event "Titled Tuesday intern op 21st Mar Early"]
[Site "Chess.com INT"]
[Date "2023.03.21"]
[Round "5"]
[White "Sattarov, Bobir"]
[Black "Crevatin, Leo"]
[Result "1-0"]
[WhiteElo "2366"]
[BlackElo "2308"]
[PlyCount "115"]
[EventDate "2023.03.21"]
[EventType "swiss (blitz)"]
[EventRounds "11"]
[EventCountry "USA"]
[SourceTitle "EXT 2024"]
[Source "ChessBase"]
[SourceDate "2023.10.10"]
[SourceVersion "1"]
[SourceVersionDate "2023.10.10"]
[SourceQuality "1"]

1. e4 c5 2. Nf3 d6 3. d4 cxd4 4. Nxd4 Nf6 5. f3 e5 6. Nb3 Be6 7. c4 Be7 8. Nc3 0-0 9. Be3 Nbd7 10. Be2 a6 11. 0-0 Rc8 12. Nd5 Bxd5 13. cxd5 Nh5 14. Qd2 Nf4 15. Rfc1 Nxe2+ 16. Qxe2 Rxc1+ 17. Rxc1 Bg5 18. Rc3 f5 19. Bf2 fxe4 20. fxe4 Nf6 21. a4 Qd7 22. Rc4 Ng4 23. Bb6 Qf7 24. Rc3 Nf6 25. Rf3 Qg6 26. Rf5 Nd7 27. Rxf8+ Nxf8 28. Bf2 Nd7 29. h4 Bd8 30. h5 Qe8 31. Nd2 Nf6 32. h6 Qxa4 33. hxg7 Qa1+ 34. Nf1 Qa5 35. Qf3 Qc7 36. Ne3 Qxg7 37. Nf5 Qg4 38. Nxd6 Qxf3 39. gxf3 b5 40. Bg3 Nd7 41. Nf5 Kf7 42. f4 exf4 43. Bxf4 Bf6 44. b3 Ne5 45. Kg2 Kg6 46. Kg3 a5 47. Nd6 a4 48. bxa4 bxa4 49. Bc1 Nd3 50. Ba3 Be5+ 51. Kf3 Bb2 52. Nc4 Bxa3 53. Nxa3 Kf6 54. Ke3 Ne5 55. Kd4 h5 56. Nc2 h4 57. Ne3 h3 58. Nf1 1-0

[Event "Titled Tuesday intern op 21st Mar Early"]
[Site "Chess.com INT"]
[Date "2023.03.21"]
[Round "4"]
[White "Savitha Shri, B."]
[Black "Crevatin, Leo"]
[Result "0-1"]
[WhiteElo "2411"]
[BlackElo "2308"]
[PlyCount "140"]
[EventDate "2023.03.21"]
[EventType "swiss (blitz)"]
[EventRounds "11"]
[EventCountry "USA"]
[SourceTitle "EXT 2024"]
[Source "ChessBase"]
[SourceDate "2023.10.10"]
[SourceVersion "1"]
[SourceVersionDate "2023.10.10"]
[SourceQuality "1"]

1. Nf3 d5 2. g3 g6 3. Bg2 Bg7 4. 0-0 e5 5. d4 exd4 6. Nxd4 Nf6 7. Bg5 c6 8. Nc3 h6 9. Bf4 0-0 10. Qd2 g5 11. Bxb8 Rxb8 12. Rad1 Re8 13. Nb3 Qb6 14. h3 Bf5 15. Rfe1 Ne4 16. Nxe4 Bxe4 17. c3 Qc7 18. Nc5 Bxg2 19. Kxg2 Qe7 20. b4 Rbd8 21. e3 b6 22. Nb3 Qf6 23. Rc1 Re4 24. Qe2 Rc4 25. Nd4 c5 26. bxc5 bxc5 27. Nb3 Rc8 28. Red1 Rxc3 29. Rxc3 Qxc3 30. Rxd5 Qb4 31. Qf3 c4 32. Rd7 Qf8 33. Nd4 c3 34. Nc2 a5 35. e4 Qe8 36. Ra7 a4 37. Qf5 Ra8 38. Rc7 Qe6 39. Qxe6 fxe6 40. Kf3 Rb8 41. Ke3 Rb2 42. Kd3 Rxa2 43. f4 gxf4 44. gxf4 Rb2 45. e5 Rb1 46. Kxc3 Rb3+ 47. Kd4 Rxh3 48. Ra7 Rh4 49. Ke4 h5 50. Rxa4 Bh6 51. Kf3 Rh3+ 52. Ke4 h4 53. Nd4 Rh1 54. Nxe6 h3 55. Kf5 h2 56. Ra8+ Kf7 57. Ra7+ Ke8 58. Nc7+ Kf8 59. Ne6+ Ke8 60. Ra2 Ke7 61. Nd4 Ke8 62. Nc6 Bxf4 63. Ra8+ Kd7 64. Nd4 Bxe5 65. Ra7+ Bc7 66. Ne6 Rf1+ 67. Kg6 h1Q 68. Rxc7+ Kxe6 69. Rc6+ Kd7 70. Kg7 Qg1+ 0-1

[Event "Titled Tuesday intern op 21st Mar Early"]
[Site "Chess.com INT"]
[Date "2023.03.21"]
[Round "9"]
[White "Tarasova, Viktoriya"]
[Black "Crevatin, Leo"]
[Result "0-1"]
[WhiteElo "2226"]
[BlackElo "2308"]
[PlyCount "110"]
[EventDate "2023.03.21"]
[EventType "swiss (blitz)"]
[EventRounds "11"]
[EventCountry "USA"]
[SourceTitle "EXT 2024"]
[Source "ChessBase"]
[SourceDate "2023.10.10"]
[SourceVersion "1"]
[SourceVersionDate "2023.10.10"]
[SourceQuality "1"]

1. d4 Nf6 2. c4 e6 3. Nc3 Bb4 4. Nf3 0-0 5. Bg5 b6 6. e3 Bb7 7. Bd3 d6 8. 0-0 Bxc3 9. bxc3 h6 10. Bh4 Nbd7 11. Nd2 e5 12. e4 Qe7 13. f3 Rfe8 14. Re1 Nf8 15. Bf2 Ne6 16. g3 c5 17. d5 Nf8 18. Nf1 Bc8 19. Ne3 g6 20. a4 N8h7 21. a5 Bd7 22. h4 Reb8 23. axb6 axb6 24. Qb3 Qd8 25. Qb2 Nf8 26. Reb1 Rxa1 27. Rxa1 Qc7 28. Nc2 Ne8 29. Ra3 Qc8 30. Qa1 Nc7 31. Qc1 Kh7 32. Be3 h5 33. Ra1 b5 34. cxb5 Bxb5 35. c4 Be8 36. Bf1 Na6 37. Bg5 Qb7 38. Ne3 Nb4 39. g4 f6 40. Bxf6 Qf7 41. Bg5 Qxf3 42. Ra7+ Kg8 43. Bg2 Qe2 44. Qf1 Qxf1+ 45. Bxf1 Nh7 46. gxh5 Nxg5 47. hxg5 gxh5 48. Nf5 Bg6 49. Nxd6 Nc2 50. Bh3 Ne3 51. Be6+ Kh8 52. Nf7+ Bxf7 53. Rxf7 Nxc4 54. Bf5 Nd6 55. Rh7+ Kg8 0-1